Normal view MARC view
  • CHANDRA ,D., SINGH ,M.P

Entry Personal Name

Number of records used in: 1

001 - CONTROL NUMBER

  • control field: 7429

003 - CONTROL NUMBER IDENTIFIER

  • control field: OSt

005 - DATE AND TIME OF LATEST TRANSACTION

  • control field: 20221220154238.0

008 - FIXED-LENGTH DATA ELEMENTS

  • fixed length control field: 221220|| aca||aabn | a|a d

040 ## - CATALOGING SOURCE

  • Original cataloging agency: OSt
  • Transcribing agency: OSt

100 ## - HEADING--PERSONAL NAME

  • Personal name: CHANDRA ,D., SINGH ,M.P

670 ## - SOURCE DATA FOUND

  • Source citation: Work cat.: (OSt)8168: CHANDRA ,D., SINGH ,M.P. , TEXT BOOK OF COAL , 2014